| 000 | 00525cam a2200205ua 4500 | ||
|---|---|---|---|
| 001 | 10432 | ||
| 005 | 20260515114625.0 | ||
| 008 | 190211n ii |||gr||||Z||||||eng | ||
| 020 | _a9789380942315 | ||
| 040 | _cMAIN | ||
| 041 | _aeng | ||
| 082 | _a828 | ||
| 245 | _aBest of speaking tree | ||
| 250 |
_a1st ed./ rep. / _bV.6. |
||
| 260 |
_aNew Delhi: _bBennett, coleman and co. ltd., _c2013. |
||
| 300 | _a176p. | ||
| 653 | _aEnglish miscellaneous writings | ||
| 653 | _aSelections from times of India 2010 | ||
| 942 | _cBK | ||
| 999 |
_c9411 _d9411 |
||